000 00396nam a2200145Ia 4500
008 240729s9999 xx 000 0 und d
022 _a2352-2674
245 0 _aGroningen Journal of International Law
260 _aNetherlands
260 _bUniversity of Groningen Press
650 _aLaw
856 _uhttps://doaj.org/toc/d6f5b6b2c8224c33840471e331b5f042
942 _2ddc
942 _cDOAJEJ
999 _c66145
_d66145
945 _a1
_bMadushi Gamage
_c1
_dMadushi Gamage